000 00656nas a2200229 4500
001 BR2012009190
003 BR-BrBNA
005 20231205121619.0
007 ta
008 230509b bl.|||p| |||| 00| 00por d
040 _aBR-BrBNA
_bpor
_cBiblioteca Nacional de Agricultura
041 _a(Pt)
072 _aF30
100 1 _aTeófilo Sobrinho, J.
245 1 _aIAC-2000: um clone de laranja Pera de boa qualidade
650 _aLARANJA PERA
650 _aVARIEDADE
650 _aCLONE
773 0 _tO Agronômico (Brazil)
_xISSN 0365-2726
_g(2001), v. 53(1) p. 30
_wBR2012009190
909 _a202311
_bLúcia
_c55
_dLúcia Elande
942 _2AGRIS
_n0
_cANA
999 _c224391
_d224391